| 000 | 00507nam a2200169 i 4500 | ||
|---|---|---|---|
| 001 | 82551 | ||
| 003 | ES-MaACL | ||
| 005 | 20230906174708.0 | ||
| 007 | t| | ||
| 008 | 041111s1972 sp ||||1| spa d | ||
| 100 | 1 |
_aImberdis, Pierre. _965208 |
|
| 245 | 1 | 0 |
_aPuntos de vista de los jóvenes (2ª serie) _b: educación de los adolescentes en la fé / _cPierre Imberdis. |
| 250 | _a[2ª ed.]. | ||
| 260 |
_aMadrid : _bMarova, _c[1972] |
||
| 300 |
_a124 p. ; _c21 cm. |
||
| 852 |
_aES-MaACL _jC-48773 _bR.85011 |
||
| 999 |
_c82551 _d82551 |
||